Annual administration report of the department of tecnical and vocational education (Record no. 553304)

MARC details
000 -LEADER
fixed length control field 00695nam a2200229Ia 4500
003 - CONTROL NUMBER IDENTIFIER
control field OSt
005 - DATE AND TIME OF LATEST TRANSACTION
control field 20220925205818.0
008 - FIXED-LENGTH DATA ELEMENTS--GENERAL INFORMATION
fixed length control field 220923b |||||||| |||| 00| 0 eng d
037 ## - SOURCE OF ACQUISITION
Terms of availability General Book
040 ## - CATALOGING SOURCE
Original cataloging agency RTL
Transcribing agency RTL
Language of cataloging eng
041 ## - LANGUAGE CODE
Source of code eng
Language code of text/sound track or separate title eng
110 ## - MAIN ENTRY--CORPORATE NAME
Corporate name or jurisdiction name as entry element HYDERABAD(govt. of-)
9 (RLIN) 271142
245 #0 - TITLE STATEMENT
Title Annual administration report of the department of tecnical and vocational education
260 ## - PUBLICATION, DISTRIBUTION, ETC.
Place of publication, distribution, etc. Hyderabad
Name of publisher, distributor, etc. Deccan govt. press
Date of publication, distribution, etc. 1950
300 ## - PHYSICAL DESCRIPTION
Extent 11p
Dimensions cm.
700 ## - ADDED ENTRY--PERSONAL NAME
Personal name HYDERABAD(govt. of-)
9 (RLIN) 271143
942 ## - ADDED ENTRY ELEMENTS (KOHA)
Classification part T9(Y4).225.NH78, JO
Koha item type General Books
Source of classification or shelving scheme Colon Classification (CC)
Holdings
Withdrawn status Lost status Damaged status Not for loan Home library Current library Date acquired Total Checkouts Full call number Barcode Date last seen Price effective from Koha item type
        Ratan Tata Library Ratan Tata Library 2022-09-25   T9(Y4).225.NH78 JO RT1404706 2022-09-25 2022-09-25 General Books
Copyright @ Delhi University Library System